Estudio nacional de comportamiento sexual: primeros análisis

Saved in:
Bibliographic Details
Corporate Authors: Gobierno de Chile (Author), Ministerio de Salud (Author), Comisión Nacional del Sida (Author), Agence Nationale de Recherches sur le SIDA (Author)
Format: Book
Language:Spanish
Published: Santiago Gobierno de Chile 2000
Subjects:
Tags: Add Tag
No Tags, Be the first to tag this record!

MARC

LEADER 00000nam a2200000 a 4500
001 UCK4996
003 CL-VaPUC
008 050708e20000000CL |||||||||||||||||spa|d
082 0 4 |a 306.7  |b GOB  |2 21 
110 2 |a Gobierno de Chile  |e author  |9 493660 
710 2 |a Ministerio de Salud  |e author  |9 493661 
710 2 |a Comisión Nacional del Sida  |e author  |9 493662 
710 2 |a Agence Nationale de Recherches sur le SIDA  |e author  |9 493663 
245 1 0 |a Estudio nacional de comportamiento sexual: primeros análisis 
300 |a 305 p 
942 |c BK 
945 |d 20050708 00:00:00  |a cmena 
260 |a Santiago  |b Gobierno de Chile  |c 2000 
650 0 |a Comportamiento sexual  |9 334955 
650 0 |a Salud pública  |9 258913 
650 0 |a SIDA (Síndrome de Inmunodeficiencia Adquirida)  |9 256118 
650 0 |a Encuestas   |9 259666 
650 0 |a Análisis de datos  |9 269871 
651 7 |a CHILE  |2 CL-VaPUC  |9 493664 
583 |a last modification  |c 20050708 00:00:00  |k Rodrigo Vera 
999 |c 313695  |d 313693 
952 |0 0  |1 0  |4 0  |6 306_700000000000000_GOB_2000  |7 0  |8 A  |9 385181  |a BIBGIM  |b BIBGIM  |d 2019-11-22  |i 4144430  |o 306.7 GOB 2000  |p 4144430  |r 2025-01-15  |w 2019-11-22  |y BK  |k GIM